Slovak Studies in English I the Proceedings of the conference organized on the occasion of the 80 th anniversary of the opening of British and American Studies...

Bibliographic Details
Other Authors: Huttová, Mária, 1952- (Editor)
Format: Book
Language:English
Slovak
PhysicalDescription:470 s. sch., tab. 24 cm
Published: Bratislava Katedra anglistiky a amerikanistiky, Filozofická fakulta UK 2005
ISBN:8089197272
Edition:1st ed.
Subjects:

MARC

LEADER 00000nam a2200000 a 4500
001 vtls008633172
003 SK-MaSNL
005 20260426014744.0
008 160610s2005 xo l f 000 0 eng
015 |a SNBA2006/07-03974 
020 |a 8089197272  |q (brož.) 
035 |a 796055FE-9138-454F-96B8-1A9C4AD25500 
035 |a urn:nbn:sk:snk-amlfqr 
035 |a urn:nbn:sk:snk-am00946z 
040 |a SNK  |b slo  |c SNK  |e AACR2 
041 0 |a eng  |a slo  |b eng  |b slo 
044 |a xo  |c SK 
072 7 |a 81  |x Jazykoveda. Jazyky  |2 konspekt 
080 |a 811.111  |2 2001 
080 |a 81'367  |2 2001 
080 |a 82'373.7  |2 2001 
080 |a 82.02  |2 2001 
080 |a (063)  |2 2001 
245 0 0 |a Slovak Studies in English I  |b the Proceedings of the conference organized on the occasion of the 80 th anniversary of the opening of British and American Studies...  |c [editors: Mária Huttová ...et al.]] 
250 |a 1st ed. 
260 |a Bratislava  |b Katedra anglistiky a amerikanistiky, Filozofická fakulta UK  |c 2005 
300 |a 470 s.  |b sch., tab.  |c 24 cm 
504 |a Bibliogr. odkazy 
546 |a Res. angl. a slov. Čiast. text slov. 
650 0 7 |a angličtina  |2 SNKPH  |9 1260 
650 0 7 |a syntax  |2 SNKPH  |9 1352 
650 0 7 |a frazeológia  |2 SNKPH  |9 1507 
650 0 7 |a literárne smery  |2 SNKPH  |9 4950 
655 7 |a zborníky konferencií  |2 SNKPH  |9 70153 
700 1 |a Huttová, Mária,  |d 1952-  |4 edt  |9 203068 
919 |a 80-89197-27-2 
958 |a OND 
999 |c 1167514  |d 1169444 
952 |a SNK  |b SNK  |y VYP  |7 0  |p 17A0503247  |o snkSC 123195/1 D1  |i snk2006/6039  |8 0  |0 0  |1 0  |4 0  |d 2006-03-21  |l 0  |r 2026-02-24 20:53:07  |w 2026-02-24 
952 |a SNK  |b SNK  |y PREZ  |7 0  |p 17A0503246  |o snkSC 123195/1  |i snk2006/6038  |8 0  |0 0  |1 0  |4 0  |d 2006-03-21  |f 1  |l 0  |r 2025-06-04 00:00:00  |w 2026-02-24